[Event "17. European Women's Championship 2016"]
[Site "Mamaia ROU"]
[Date "2016.06.05"]
[Round "9.40"]
[White "Rodshtein, Tereza"]
[Black "Petrenko, Svetlana"]
[Result "0-1"]
[WhiteElo "2263"]
[BlackElo "2182"]
[PlyCount "114"]
[EventDate "2016.05.27"]
[EventType "swiss"]
[EventRounds "11"]
[EventCountry "ROU"]
[Source "lmi"]
[SourceDate "2016.05.26"]

1. e4 c5 2. Nf3 e6 3. d4 cxd4 4. Nxd4 a6 5. Be2 Nf6 6. Nc3 Bb4 7. e5 Ne4 8. O-O
Nxc3 9. bxc3 Bxc3 10. Rb1 Nc6 11. Nxc6 dxc6 12. Qxd8+ Kxd8 13. Rd1+ Kc7 14. Be3
b5 15. f4 Ba5 16. Bf3 Bb6 17. Bxb6+ Kxb6 18. Rd6 Bb7 19. Rd7 Rhf8 20. Rbd1 Rac8
21. Re7 Rc7 22. Rdd7 Rxd7 23. Rxd7 b4 24. Kf2 a5 25. Be4 g6 26. Ke3 Ba6 27. Bd3
Bc8 28. Rd6 f5 29. Be2 Rf7 30. Bc4 Re7 31. Rd8 Kc7 32. Rf8 c5 33. Rf6 a4 34.
Bb5 a3 35. Bc4 Bd7 36. Bb3 Bc6 37. Bxe6 Bxg2 38. Bb3 Be4 39. Ra6 Kb7 40. Rd6 g5
41. Bd5+ Bxd5 42. Rxd5 Kc6 43. Rd6+ Kb5 44. Rd8 Kc4 45. Rd3 h6 46. Kf3 Rg7 47.
h3 Kb5 48. Rd8 c4 49. Ke3 Rb7 50. Ra8 b3 51. axb3 cxb3 52. cxb3 Kb4 53. fxg5
hxg5 54. e6 Kxb3 55. h4 gxh4 56. Kf4 a2 57. Kxf5 h3 0-1

[Event "17. European Women's Championship 2016"]
[Site "Mamaia ROU"]
[Date "2016.06.05"]
[Round "9.41"]
[White "Pavlidou, Ekaterini"]
[Black "Doluhanova, Evgeniya"]
[Result "1-0"]
[WhiteElo "2209"]
[BlackElo "2262"]
[PlyCount "65"]
[EventDate "2016.05.27"]
[EventType "swiss"]
[EventRounds "11"]
[EventCountry "ROU"]
[Source "lmi"]
[SourceDate "2016.05.26"]

1. d4 Nf6 2. c4 e6 3. Nc3 Bb4 4. f3 d5 5. a3 Bxc3+ 6. bxc3 c5 7. cxd5 Nxd5 8.
dxc5 f5 9. Qc2 Nc6 10. e4 Nf6 11. exf5 O-O 12. Nh3 Qe7 13. Qf2 exf5+ 14. Be2
Re8 15. Bg5 Bd7 16. Rd1 Rad8 17. Nf4 h6 18. h4 Qe5 19. Bxf6 Qxf6 20. O-O Qxc3
21. Rd6 b6 22. Rfd1 bxc5 23. Bb5 Ne5 24. Qg3 Bxb5 25. Rxd8 Rxd8 26. Rxd8+ Kf7
27. h5 Ng4 28. Nd3 Qa1+ 29. Ne1 Ne5 30. f4 Ng4 31. Qb3+ Ke7 32. Rd1 Qf6 33.
Qxb5 1-0

[Event "17. European Women's Championship 2016"]
[Site "Mamaia ROU"]
[Date "2016.06.05"]
[Round "9.42"]
[White "Salimova, Nurgyul"]
[Black "Tsatsalashvili, Keti"]
[Result "0-1"]
[WhiteElo "2160"]
[BlackElo "2278"]
[PlyCount "157"]
[EventDate "2016.05.27"]
[EventType "swiss"]
[EventRounds "11"]
[EventCountry "ROU"]
[Source "lmi"]
[SourceDate "2016.05.26"]

1. d4 d5 2. c4 e6 3. Nc3 Bb4 4. Nf3 Nf6 5. Bg5 h6 6. Bxf6 Qxf6 7. Qa4+ Nc6 8.
e3 O-O 9. Be2 Rd8 10. O-O a6 11. Rac1 dxc4 12. Bxc4 Bd7 13. Qc2 Bd6 14. Rfd1
Nb4 15. Qe2 Qg6 16. a3 Nc6 17. Bd3 Qh5 18. Ne4 Ne7 19. Ng3 Qa5 20. e4 Bxg3 21.
hxg3 Bb5 22. Bxb5 axb5 23. Qc2 c6 24. Qc5 Re8 25. g4 Ng6 26. g5 h5 27. g3 Qa4
28. Qc2 Qxc2 29. Rxc2 Ne7 30. Kg2 Rad8 31. Rh1 g6 32. Rh4 Kg7 33. Rc1 Rh8 34.
Rch1 Nc8 35. Rf4 Rhf8 36. g4 hxg4 37. Rxg4 Rh8 38. Rxh8 Rxh8 39. Ne5 Nd6 40. f3
Nc4 41. Nxc4 bxc4 42. e5 b5 43. Kf2 Kf8 44. Rg2 Ke7 45. Ke3 Rh1 46. Kd2 Rf1 47.
Ke2 Rb1 48. Ke3 Rd1 49. Rd2 Re1+ 50. Re2 Ra1 51. Rc2 Kd7 52. Rh2 Ra2 53. Rc2
Ra1 54. Rh2 Re1+ 55. Kd2 Rg1 56. f4 Rg4 57. Ke3 Rg3+ 58. Ke4 Rb3 59. Rc2 Rh3
60. a4 Rh1 61. axb5 cxb5 62. Re2 Kc6 63. Re3 b4 64. Re2 b3 65. Rd2 Re1+ 66. Kf3
Rf1+ 67. Ke4 Rh1 68. Re2 Kb5 69. d5 exd5+ 70. Kxd5 Rd1+ 71. Ke4 c3 72. bxc3 Kc4
73. e6 fxe6 74. Ke5 Kxc3 75. Kxe6 Ra1 76. f5 Ra6+ 77. Ke5 Ra5+ 78. Kf6 gxf5 79.
g6 0-1

[Event "17. European Women's Championship 2016"]
[Site "Mamaia ROU"]
[Date "2016.06.05"]
[Round "9.43"]
[White "Utiatskaja, Irina"]
[Black "Raeva, Elitsa"]
[Result "1-0"]
[WhiteElo "2181"]
[BlackElo "2254"]
[PlyCount "125"]
[EventDate "2016.05.27"]
[EventType "swiss"]
[EventRounds "11"]
[EventCountry "ROU"]
[Source "lmi"]
[SourceDate "2016.05.26"]

1. d4 Nf6 2. c4 e6 3. g3 d5 4. Bg2 Be7 5. Nf3 O-O 6. O-O b6 7. Qc2 Bb7 8. Ne5
c5 9. dxc5 bxc5 10. cxd5 exd5 11. b3 a5 12. Nc3 Na6 13. a3 Rb8 14. Na4 Re8 15.
Rd1 Bd6 16. Nd3 Rc8 17. Nf4 Bc6 18. Nxd5 Be5 19. Nxf6+ Qxf6 20. Bb2 Bxa4 21.
Bxe5 Bxb3 22. Bxf6 Bxc2 23. Rd2 Bb3 24. Bc3 c4 25. Bb7 Nc5 26. Bxc8 Rxc8 27. f3
a4 28. Kf2 h6 29. g4 Ne6 30. Rc1 Nc7 31. Bb4 Na6 32. Ba5 Nc7 33. Bxc7 Rxc7 34.
Rc3 Kh7 35. e4 f6 36. Ke3 Kg6 37. Rd5 Rb7 38. h4 Ba2 39. h5+ Kh7 40. Rd2 Bb3
41. Rd5 Ba2 42. Ra5 Bb3 43. Kd4 Rd7+ 44. Rd5 Rc7 45. f4 Re7 46. e5 fxe5+ 47.
fxe5 Bd1 48. Rg3 g6 49. Rd6 gxh5 50. gxh5 Bxh5 51. e6 Be8 52. Kxc4 h5 53. Kd5
Kh6 54. Rd8 h4 55. Re3 Bg6 56. Kd6 Re8 57. Rxe8 Bxe8 58. Ke7 Bc6 59. Kf8 Kg5
60. e7 Kf4 61. Rc3 Bb5 62. e8=Q Bxe8 63. Kxe8 1-0

[Event "17. European Women's Championship 2016"]
[Site "Mamaia ROU"]
[Date "2016.06.05"]
[Round "9.44"]
[White "Nikoladze, Sopio"]
[Black "Sandu, Mihaela"]
[Result "0-1"]
[WhiteElo "2155"]
[BlackElo "2246"]
[PlyCount "68"]
[EventDate "2016.05.27"]
[EventType "swiss"]
[EventRounds "11"]
[EventCountry "ROU"]
[Source "lmi"]
[SourceDate "2016.05.26"]

1. d4 Nf6 2. Nf3 g6 3. g3 Bg7 4. Bg2 O-O 5. O-O d6 6. c4 Nc6 7. Nc3 a6 8. d5
Na5 9. Nd2 c5 10. Qc2 Rb8 11. Rb1 b5 12. b3 e5 13. Bb2 Nh5 14. e3 f5 15. f4 e4
16. g4 fxg4 17. Ncxe4 Bxb2 18. Rxb2 Bf5 19. b4 Nxc4 20. Nxc4 bxc4 21. bxc5 Rxb2
22. Qxb2 Bxe4 23. Bxe4 dxc5 24. Bg2 g3 25. h3 Re8 26. e4 Qh4 27. f5 Nf4 28. f6
Rf8 29. e5 Nd3 30. Qb7 Qd4+ 31. Kh1 Rf7 32. Qxf7+ Kxf7 33. e6+ Kf8 34. e7+ Kf7
0-1

[Event "17. European Women's Championship 2016"]
[Site "Mamaia ROU"]
[Date "2016.06.05"]
[Round "9.45"]
[White "Makropoulou, Marina"]
[Black "Balaian, Alina"]
[Result "1/2-1/2"]
[WhiteElo "2143"]
[BlackElo "2230"]
[PlyCount "81"]
[EventDate "2016.05.27"]
[EventType "swiss"]
[EventRounds "11"]
[EventCountry "ROU"]
[Source "lmi"]
[SourceDate "2016.05.26"]

1. e4 e6 2. d4 d5 3. Nc3 Bb4 4. e5 c5 5. a3 Bxc3+ 6. bxc3 Ne7 7. a4 Nbc6 8. Nf3
Qa5 9. Bd2 Bd7 10. Be2 c4 11. O-O f6 12. exf6 gxf6 13. Qc1 O-O-O 14. Rb1 Ng6
15. Bh6 Rhg8 16. Kh1 Qc7 17. Re1 Nce7 18. Bf1 Nf5 19. g3 Nd6 20. Nd2 Nf7 21.
Nf3 Qd6 22. Qb2 b6 23. Bc1 Bxa4 24. Qa2 b5 25. Bh3 Rde8 26. Ba3 Qd7 27. Re2 Nd8
28. Qb2 a5 29. Rbe1 h5 30. Bc5 Qc6 31. Qc1 Rh8 32. Nh4 Nxh4 33. gxh4 Kb7 34.
Rg1 Rh7 35. Rg6 e5 36. Bf5 exd4 37. Rxe8 Qxe8 38. Bxd4 Re7 39. Qh6 Nf7 40. Qxh5
Nd6 41. Qf3 1/2-1/2

[Event "17. European Women's Championship 2016"]
[Site "Mamaia ROU"]
[Date "2016.06.05"]
[Round "9.46"]
[White "Sazonova, Anastasia"]
[Black "Stetsko, Lanita"]
[Result "1/2-1/2"]
[WhiteElo "2085"]
[BlackElo "2220"]
[PlyCount "156"]
[EventDate "2016.05.27"]
[EventType "swiss"]
[EventRounds "11"]
[EventCountry "ROU"]
[Source "lmi"]
[SourceDate "2016.05.26"]

1. d4 Nf6 2. c4 e6 3. Nf3 d5 4. Nc3 Bb4 5. Qb3 c5 6. dxc5 Na6 7. a3 Bxc3+ 8.
Qxc3 Nxc5 9. cxd5 Qxd5 10. Be3 Nce4 11. Qe5 Qxe5 12. Nxe5 Nd5 13. Bc1 Nc5 14.
Rb1 f6 15. Nc4 Ke7 16. f3 e5 17. e4 Nf4 18. Be3 Ncd3+ 19. Bxd3 Nxd3+ 20. Ke2
Nf4+ 21. Kf2 Nd3+ 22. Ke2 Nf4+ 23. Kf2 Be6 24. b3 b5 25. Na5 Rac8 26. Rhd1 Rc2+
27. Rd2 Rhc8 28. g3 Nd3+ 29. Ke2 Nc1+ 30. Kd1 R2c3 31. Bxa7 Nxb3 32. Nxb3 Bxb3+
33. Ke2 Bc4+ 34. Kf2 Rxa3 35. Be3 Ke6 36. Rbd1 Ra2 37. Rb1 Rca8 38. Rbb2 Rxb2
39. Rxb2 Ra1 40. Bc5 Rf1+ 41. Ke3 Re1+ 42. Kf2 Rd1 43. g4 g6 44. Bb4 h5 45.
gxh5 gxh5 46. Kg3 Rg1+ 47. Kh4 Rf1 48. Kg3 f5 49. Rd2 fxe4 50. fxe4 Rf4 51.
Rd6+ Kf7 52. Rd7+ Kf6 53. Rd6+ Be6 54. Rb6 h4+ 55. Kg2 h3+ 56. Kg3 Rxe4 57.
Rxb5 Re3+ 58. Kf2 Rb3 59. Rb7 Rb2+ 60. Kg3 Rg2+ 61. Kh4 Rxh2 62. Be7+ Kf5 63.
Kg3 Rh1 64. Rb5 Bd7 65. Ra5 Ke6 66. Bb4 Rb1 67. Bc3 Bb5 68. Kxh3 Rb3 69. Kh2
Kd5 70. Be1 e4 71. Ra7 Rb1 72. Bg3 e3 73. Re7 Kd4 74. Kh3 e2 75. Kg4 Bd3 76.
Bf2+ Kc3 77. Kg3 Kd2 78. Re8 Rb7 1/2-1/2

[Event "17. European Women's Championship 2016"]
[Site "Mamaia ROU"]
[Date "2016.06.05"]
[Round "9.47"]
[White "Abdulla, Khayala"]
[Black "Sviridova, Vlada"]
[Result "1-0"]
[WhiteElo "2209"]
[BlackElo "2137"]
[PlyCount "83"]
[EventDate "2016.05.27"]
[EventType "swiss"]
[EventRounds "11"]
[EventCountry "ROU"]
[Source "lmi"]
[SourceDate "2016.05.26"]

1. e4 e6 2. d4 d5 3. Nc3 Nf6 4. Bg5 Bb4 5. e5 h6 6. Bd2 Bxc3 7. bxc3 Ne4 8. Qg4
g6 9. Bd3 Nxd2 10. Kxd2 c5 11. h4 c4 12. Be2 Nc6 13. Qf4 b5 14. a3 Qa5 15. Nf3
Bd7 16. Nh2 O-O-O 17. Nf3 Rh7 18. Rhb1 Ne7 19. g4 Bc6 20. Ne1 Kd7 21. Ng2 Rg8
22. Ne3 g5 23. Qh2 Rhh8 24. h5 Qc7 25. f4 Rb8 26. f5 f6 27. fxe6+ Kxe6 28. Rf1
fxe5 29. Nf5 Rh7 30. dxe5 Ng8 31. Nd4+ Ke7 32. Qf2 Bd7 33. Rae1 Re8 34. e6 Bc8
35. Qf5 Rg7 36. Qxd5 Rd8 37. Qxb5 Nf6 38. Kc1 Rxd4 39. cxd4 Qd6 40. Qb4 Nd5 41.
Rf7+ Rxf7 42. Qxd6+ 1-0

[Event "17. European Women's Championship 2016"]
[Site "Mamaia ROU"]
[Date "2016.06.05"]
[Round "9.48"]
[White "Zherebtsova, Alexandra"]
[Black "Sucikova, Svetlana"]
[Result "1-0"]
[WhiteElo "2200"]
[BlackElo "2072"]
[PlyCount "83"]
[EventDate "2016.05.27"]
[EventType "swiss"]
[EventRounds "11"]
[EventCountry "ROU"]
[Source "lmi"]
[SourceDate "2016.05.26"]

1. d4 d5 2. Nf3 Nf6 3. c4 e6 4. e3 c6 5. Nbd2 Nbd7 6. Bd3 Bd6 7. b3 O-O 8. Bb2
b6 9. O-O Bb7 10. Ne5 Rc8 11. f4 c5 12. Qe2 Ne4 13. cxd5 exd5 14. Nxe4 dxe4 15.
Bc4 Nf6 16. Rfd1 Qe7 17. Kh1 cxd4 18. Bxd4 Bd5 19. Ba6 Bb7 20. Bb5 Rc7 21. Nc4
Bc5 22. Be5 a6 23. Nd6 axb5 24. Nf5 Qe6 25. Nxg7 Kxg7 26. Bxc7 Ng4 27. h3 Nh6
28. g4 f6 29. b4 Bxb4 30. f5 Qc6 31. Bf4 Nf7 32. h4 Rc8 33. g5 Qc2 34. Qg4 fxg5
35. Bxg5 Qc3 36. Rg1 Kh8 37. Rac1 Nxg5 38. Rxc3 Bxc3 39. Qxg5 Bd5 40. f6 Rc7
41. Qxd5 Bxf6 42. Qg8# 1-0

[Event "17. European Women's Championship 2016"]
[Site "Mamaia ROU"]
[Date "2016.06.05"]
[Round "9.49"]
[White "Cosman, Andreea-Marioara"]
[Black "Khalafova, Narmin"]
[Result "0-1"]
[WhiteElo "2101"]
[BlackElo "2193"]
[PlyCount "90"]
[EventDate "2016.05.27"]
[EventType "swiss"]
[EventRounds "11"]
[EventCountry "ROU"]
[Source "lmi"]
[SourceDate "2016.05.26"]

1. d4 Nf6 2. c4 e6 3. Nc3 Bb4 4. e3 O-O 5. Nge2 Re8 6. a3 Bf8 7. g3 d5 8. cxd5
exd5 9. b4 c6 10. Bg2 Nbd7 11. O-O Nb6 12. Qd3 g6 13. f3 Nh5 14. g4 Ng7 15. Ng3
Be6 16. Ra2 Qh4 17. Raf2 Bd6 18. Nce2 f5 19. gxf5 Nxf5 20. f4 Nh6 21. Bf3 Bh3
22. Re1 Ng4 23. Bxg4 Bxg4 24. e4 dxe4 25. Nxe4 Rad8 26. N2g3 Nd5 27. f5 gxf5
28. Bg5 fxe4 29. Nxe4 Qxg5 30. Nxg5 Rxe1+ 31. Rf1 Rxf1+ 32. Qxf1 Rf8 33. Qd3
Bf5 34. Qe2 Bf4 35. h4 h6 36. Nf3 Be3+ 37. Kh2 Be4 38. Qg2+ Kh8 39. Qg4 Bxf3
40. Qe6 Bf4+ 41. Kg1 Bh5 42. Kf1 Bd2+ 43. Kg1 Be3+ 44. Kh2 Rf2+ 45. Kg3 Rg2+
0-1

[Event "17. European Women's Championship 2016"]
[Site "Mamaia ROU"]
[Date "2016.06.05"]
[Round "9.50"]
[White "Gvetadze, Sofio"]
[Black "Jap Tjoen San, Linda"]
[Result "1-0"]
[WhiteElo "2311"]
[BlackElo "2116"]
[PlyCount "57"]
[EventDate "2016.05.27"]
[EventType "swiss"]
[EventRounds "11"]
[EventCountry "ROU"]
[Source "lmi"]
[SourceDate "2016.05.26"]

1. Nf3 d5 2. c4 d4 3. g3 g6 4. d3 Bg7 5. Bg2 Nh6 6. O-O O-O 7. b4 a5 8. bxa5
Rxa5 9. Nbd2 Rh5 10. Rb1 b6 11. Re1 Nc6 12. Nf1 Bb7 13. Rb5 Rxb5 14. cxb5 Na5
15. Bd2 Qa8 16. Qc1 Nf5 17. Qxc7 Bd5 18. Qxb6 Nb7 19. Qa6 h5 20. a4 Qxa6 21.
bxa6 Nc5 22. Nxd4 Bxg2 23. Nxf5 Bxf1 24. Nxe7+ Kh7 25. Kxf1 Ra8 26. Be3 Nxa6
27. Rb1 Nc7 28. Bb6 Ne6 29. a5 1-0

[Event "17. European Women's Championship 2016"]
[Site "Mamaia ROU"]
[Date "2016.06.05"]
[Round "9.51"]
[White "Motycakova, Monika"]
[Black "Rogozenco, Teodora"]
[Result "0-1"]
[WhiteElo "2170"]
[BlackElo "2104"]
[PlyCount "58"]
[EventDate "2016.05.27"]
[EventType "swiss"]
[EventRounds "11"]
[EventCountry "ROU"]
[Source "lmi"]
[SourceDate "2016.05.26"]

1. e4 e5 2. Nf3 Nc6 3. Bb5 a6 4. Ba4 Nf6 5. O-O Be7 6. Re1 b5 7. Bb3 O-O 8. h3
Bb7 9. d3 d5 10. exd5 Nxd5 11. Nxe5 Nxe5 12. Rxe5 Qd6 13. Re1 Rae8 14. Nd2 c5
15. a4 c4 16. dxc4 Nf4 17. c5 Qg6 18. Qg4 Bxc5 19. Rxe8 Rxe8 20. Nf3 Bxf2+ 21.
Kxf2 Re2+ 22. Kf1 Qb6 23. Qg3 Rxg2 24. Bxf7+ Kf8 25. Bxf4 Rxg3 26. Bxg3 Qf6 27.
Bb3 Qxf3+ 28. Bf2 Qh1+ 29. Bg1 Qg2+ 0-1

[Event "17. European Women's Championship 2016"]
[Site "Mamaia ROU"]
[Date "2016.06.05"]
[Round "9.52"]
[White "Gitu, Paula-Alexandra"]
[Black "Galunova, Tsveta"]
[Result "0-1"]
[WhiteElo "1949"]
[BlackElo "2149"]
[PlyCount "112"]
[EventDate "2016.05.27"]
[EventType "swiss"]
[EventRounds "11"]
[EventCountry "ROU"]
[Source "lmi"]
[SourceDate "2016.05.26"]

1. e4 e5 2. Nf3 Nc6 3. Nc3 Nf6 4. Bb5 Bd6 5. d3 h6 6. a3 O-O 7. O-O a6 8. Bc4
Bc5 9. Be3 d6 10. b4 Ba7 11. Bxa7 Rxa7 12. h3 Nd4 13. Nd2 b5 14. Ba2 Be6 15.
Ne2 Bxa2 16. Rxa2 c5 17. c3 Nxe2+ 18. Qxe2 a5 19. Nb3 a4 20. Nd2 cxb4 21. cxb4
Rc7 22. Nb1 Qb8 23. Rd1 Rfc8 24. Rdd2 Rc1+ 25. Rd1 Qb6 26. Qd2 Qc7 27. Kh2 d5
28. Rxc1 Qxc1 29. Qxc1 Rxc1 30. Nd2 d4 31. f4 exf4 32. Nf3 Rc3 33. Nxd4 Rxd3
34. Nxb5 Nxe4 35. Ra1 Nd2 36. Kg1 Nc4 37. Kf2 Kf8 38. Kf1 Ke7 39. Ke1 Re3+ 40.
Kd1 Ke6 41. Kc2 g5 42. Nc3 f5 43. Nxa4 Nxa3+ 44. Kd2 Rg3 45. Re1+ Kd5 46. Re2
Kc4 47. Nb6+ Kxb4 48. Nd5+ Kc5 49. Ne7 Nc4+ 50. Ke1 Ne3 51. Kd2 Kd4 52. Ng8 h5
53. Nf6 h4 54. Nh5 Rxg2 55. Rxg2 Nxg2 56. Ke2 g4 0-1

[Event "17. European Women's Championship 2016"]
[Site "Mamaia ROU"]
[Date "2016.06.05"]
[Round "9.53"]
[White "Narva, Regina"]
[Black "Coman, Emilia-Florentina"]
[Result "1-0"]
[WhiteElo "2019"]
[BlackElo "1891"]
[PlyCount "101"]
[EventDate "2016.05.27"]
[EventType "swiss"]
[EventRounds "11"]
[EventCountry "ROU"]
[Source "lmi"]
[SourceDate "2016.05.26"]

1. e4 e6 2. d4 d5 3. Nc3 Nf6 4. exd5 exd5 5. Bd3 Bd6 6. Bg5 c6 7. Nge2 Bg4 8.
f3 Bh5 9. Qd2 Bg6 10. O-O-O Bxd3 11. Qxd3 Nbd7 12. Ng3 O-O 13. Nf5 Qc7 14. Ne2
Nh5 15. Nxd6 Qxd6 16. g4 Nhf6 17. Bf4 Qe7 18. Ng3 Kh8 19. Nf5 Qd8 20. Nd6 b6
21. Rde1 c5 22. Re3 cxd4 23. Qxd4 Nc5 24. Rhe1 Ne6 25. Nxf7+ Rxf7 26. Rxe6 Ne4
27. Qe5 Qf8 28. fxe4 Rxf4 29. exd5 Rf1 30. d6 Rxe1+ 31. Qxe1 Qf4+ 32. Kb1 Qa4
33. Qe4 Qxe4 34. Rxe4 Kg8 35. d7 Kf7 36. Re8 Rxe8 37. dxe8=Q+ Kxe8 38. Kc1 Ke7
39. Kd2 Ke6 40. Ke3 Ke5 41. Kf3 g5 42. Ke3 b5 43. c3 a5 44. b3 Kd5 45. Kd3 Ke5
46. c4 bxc4+ 47. bxc4 Kd6 48. Kd4 Kc6 49. c5 h6 50. Kc4 a4 51. a3 1-0

[Event "17. European Women's Championship 2016"]
[Site "Mamaia ROU"]
[Date "2016.06.05"]
[Round "9.54"]
[White "Surovtseva, Alisa"]
[Black "Cimpean, Andra"]
[Result "0-1"]
[WhiteElo "1574"]
[BlackElo "1794"]
[PlyCount "157"]
[EventDate "2016.05.27"]
[EventType "swiss"]
[EventRounds "11"]
[EventCountry "ROU"]
[Source "lmi"]
[SourceDate "2016.05.26"]

1. e4 d5 2. exd5 Qxd5 3. Nc3 Qd6 4. d4 c6 5. Ne4 Qe6 6. Qe2 Nf6 7. f3 Qd5 8. c3
Bf5 9. Ng3 g6 10. Nxf5 gxf5 11. g3 Nbd7 12. Bh3 e6 13. Be3 Nb6 14. Bf1 h5 15.
Bf4 Nfd7 16. Qc2 Be7 17. Qb3 Qa5 18. O-O-O O-O-O 19. Bg2 Nd5 20. Bd2 Qc7 21. c4
N5f6 22. Nh3 Nb8 23. Bc3 Rhg8 24. Be1 h4 25. Rg1 Nh5 26. f4 Bf6 27. Bf2 Na6 28.
Bf3 hxg3 29. hxg3 Rh8 30. Ng5 Bxg5 31. fxg5 Qe7 32. Be3 Qb4 33. Qxb4 Nxb4 34.
a3 Na6 35. Bxh5 Rxh5 36. g4 Rh3 37. Bf4 Rh4 38. g6 Rxg4 39. Rxg4 fxg4 40. gxf7
Rf8 41. Rg1 Rxf7 42. Be5 c5 43. Rxg4 cxd4 44. Bxd4 b6 45. Kd2 Kd7 46. Ke3 Kc6
47. b4 Nc7 48. Be5 Ne8 49. Rg8 Nd6 50. Bxd6 Kxd6 51. a4 Rh7 52. a5 bxa5 53.
bxa5 Rh5 54. Kd4 Rxa5 55. c5+ Rxc5 56. Rd8+ Kc7 57. Ra8 Rd5+ 58. Kc4 a5 59. Re8
Kd6 60. Rh8 Rc5+ 61. Kd4 e5+ 62. Kd3 Rd5+ 63. Kc3 Rd4 64. Ra8 a4 65. Rd8+ Kc5
66. Rc8+ Kd5 67. Rd8+ Ke4 68. Re8 Rd3+ 69. Kc2 Rf3 70. Ra8 a3 71. Re8 Rf2+ 72.
Kb1 Kf4 73. Ra8 Rf3 74. Rf8+ Ke3 75. Ra8 Ke2 76. Re8 Re3 77. Kc2 e4 78. Kb1 Kf2
79. Rf8+ 0-1

[Event "17. European Women's Championship 2016"]
[Site "Mamaia ROU"]
[Date "2016.06.05"]
[Round "9.55"]
[White "Grigoryan, Meri"]
[Black "Pancu, Aureliana-Eugenia"]
[Result "1-0"]
[WhiteElo "2016"]
[BlackElo "1841"]
[PlyCount "73"]
[EventDate "2016.05.27"]
[EventType "swiss"]
[EventRounds "11"]
[EventCountry "ROU"]
[Source "lmi"]
[SourceDate "2016.05.26"]

1. d4 Nf6 2. Bf4 g6 3. Nc3 Bg7 4. Qd2 h6 5. e4 d5 6. e5 Ng8 7. Nf3 c6 8. Bd3 e6
9. h4 Nd7 10. g4 Qa5 11. a3 Bf8 12. O-O Be7 13. b4 Qd8 14. Bg3 Kf8 15. Ne2 g5
16. h5 Kg7 17. Nh2 f6 18. f4 Nf8 19. fxg5 hxg5 20. exf6+ Bxf6 21. Rxf6 Nxf6 22.
Qxg5+ Kf7 23. Be5 Rg8 24. Qf4 N8d7 25. Rf1 Qe7 26. Bd6 Qd8 27. Bg6+ Rxg6 28.
hxg6+ Kxg6 29. g5 Qg8 30. gxf6 Kf7+ 31. Kh1 Qg6 32. Ng4 e5 33. dxe5 Qh5+ 34.
Kg1 Qg6 35. Ng3 Nf8 36. Nh6+ Ke8 37. f7+ 1-0

[Event "17. European Women's Championship 2016"]
[Site "Mamaia ROU"]
[Date "2016.06.05"]
[Round "9.56"]
[White "Milak, Adela"]
[Black "Anghel, Maria"]
[Result "0-1"]
[WhiteElo "1677"]
[BlackElo "1703"]
[PlyCount "42"]
[EventDate "2016.05.27"]
[EventType "swiss"]
[EventRounds "11"]
[EventCountry "ROU"]
[Source "lmi"]
[SourceDate "2016.05.26"]

1. e4 c5 2. Nf3 a6 3. c3 d5 4. e5 Nc6 5. d4 Bg4 6. Be2 e6 7. Bg5 Qb6 8. c4 Bxf3
9. Bxf3 Qxb2 10. Nd2 Qxd4 11. cxd5 Nxe5 12. O-O Nxf3+ 13. Qxf3 Qxd5 14. Qg3 Be7
15. Bxe7 Nxe7 16. Nb3 O-O 17. Rfe1 Rfd8 18. h4 c4 19. Re5 Qd3 20. Qg4 cxb3 21.
axb3 Qd4 0-1

[Event "17. European Women's Championship 2016"]
[Site "Mamaia ROU"]
[Date "2016.06.06"]
[Round "10.2"]
[White "Pogonina, Natalija"]
[Black "Paehtz, Elisabeth"]
[Result "1/2-1/2"]
[WhiteElo "2490"]
[BlackElo "2489"]
[PlyCount "91"]
[EventDate "2016.05.27"]
[EventType "swiss"]
[EventRounds "11"]
[EventCountry "ROU"]
[Source "lmi"]
[SourceDate "2016.05.26"]

1. d4 Nf6 2. c4 g6 3. Nc3 Bg7 4. e4 d6 5. Bd3 O-O 6. Nge2 Nc6 7. O-O e5 8. d5
Nd4 9. Nxd4 exd4 10. Nb5 Re8 11. Re1 Bg4 12. f3 c6 13. dxc6 bxc6 14. Nxd4 Bd7
15. Kh1 Ng4 16. fxg4 Bxd4 17. Be2 c5 18. Bf3 Be5 19. g3 Rb8 20. Rb1 Be6 21. Be2
Qa5 22. a3 Rb3 23. Rf1 Qb6 24. Qc2 Rb8 25. Rf3 Qc6 26. Kg2 R3b6 27. g5 a5 28.
a4 Rb3 29. Rxb3 Rxb3 30. Bd1 Bf5 31. Bf3 Qb7 32. Ra1 Bd7 33. Ra3 Rxa3 34. bxa3
Bc6 35. Bd2 Qb6 36. Be1 Bd7 37. Bd2 Kf8 38. Bd1 Bc6 39. Kf3 Ke7 40. Qb3 Qc7 41.
Bc2 Kf8 42. Kg2 Kg7 43. h3 Bd4 44. Kh2 Be5 45. Kg2 Bd4 46. Kh2 1/2-1/2

[Event "17. European Women's Championship 2016"]
[Site "Mamaia ROU"]
[Date "2016.06.06"]
[Round "10.3"]
[White "Mkrtchian, Lilit"]
[Black "Zawadzka, Jolanta"]
[Result "1-0"]
[WhiteElo "2434"]
[BlackElo "2442"]
[PlyCount "139"]
[EventDate "2016.05.27"]
[EventType "swiss"]
[EventRounds "11"]
[EventCountry "ROU"]
[Source "lmi"]
[SourceDate "2016.05.26"]

1. Nf3 d5 2. g3 Bg4 3. Bg2 c6 4. c4 e6 5. cxd5 exd5 6. O-O Nf6 7. Qb3 Qb6 8.
Qc2 Be7 9. Nc3 O-O 10. d3 Nbd7 11. e4 dxe4 12. dxe4 Rfe8 13. Be3 Qa5 14. Nd4
Nf8 15. h3 Be6 16. f4 Rad8 17. Nxe6 Nxe6 18. e5 Bc5 19. Bxc5 Qxc5+ 20. Qf2 Nd7
21. Ne4 Qxf2+ 22. Rxf2 Nb6 23. Nd6 Re7 24. Rd2 Red7 25. Rad1 Nc5 26. Kf1 f6 27.
exf6 gxf6 28. Bf3 a5 29. Bg4 Rc7 30. Nf5 Rxd2 31. Rxd2 Nd5 32. Bf3 Na4 33. Re2
Kf8 34. Nd6 Ne7 35. Re6 f5 36. Rf6+ Kg8 37. Bd1 Nxb2 38. Bb3+ Nd5 39. Rxf5 Rd7
40. Ne8 Rf7 41. Rxd5 cxd5 42. Bxd5 Nd1 43. Bxf7+ Kxf7 44. Nd6+ Kf6 45. Nxb7 a4
46. a3 h5 47. Nc5 Kf5 48. Ke2 Nc3+ 49. Kf3 Nb5 50. Nxa4 Nxa3 51. Nc5 Nb5 52.
g4+ hxg4+ 53. hxg4+ Kf6 54. Ne4+ Ke6 55. Ke3 Kd5 56. Nd2 Nd6 57. Kf3 Ke6 58.
Nf1 Nc4 59. Ne3 Nd6 60. g5 Nf7 61. Kg4 Nd6 62. Kh5 Kf7 63. f5 Kg7 64. f6+ Kf7
65. Ng4 Ne4 66. Ne5+ Ke6 67. f7 Ke7 68. Kg6 Nc5 69. Kg7 Ne6+ 70. Kg8 1-0

[Event "17. European Women's Championship 2016"]
[Site "Mamaia ROU"]
[Date "2016.06.06"]
[Round "10.5"]
[White "Gara, Anita"]
[Black "Javakhishvili, Lela"]
[Result "0-1"]
[WhiteElo "2345"]
[BlackElo "2493"]
[PlyCount "110"]
[EventDate "2016.05.27"]
[EventType "swiss"]
[EventRounds "11"]
[EventCountry "ROU"]
[Source "lmi"]
[SourceDate "2016.05.26"]

1. e4 c5 2. Nf3 e6 3. c3 Nf6 4. e5 Nd5 5. d4 cxd4 6. cxd4 d6 7. Bc4 Nb6 8. Bd3
dxe5 9. dxe5 Na6 10. O-O Nc5 11. Bc2 Qxd1 12. Rxd1 Nd5 13. Bd2 Bd7 14. Nc3 Nb4
15. Bb1 Nbd3 16. b3 Bc6 17. Bg5 Bxf3 18. gxf3 Nxe5 19. Nb5 Nxf3+ 20. Kg2 Nxg5
21. Nc7+ Ke7 22. Nxa8 g6 23. Bc2 Bg7 24. Rac1 Rxa8 25. b4 Nce4 26. Bxe4 Nxe4
27. Rc7+ Ke8 28. Rxb7 Nf6 29. Rd6 a6 30. Kf3 Bf8 31. Rc6 Nd5 32. a3 h5 33. Ke4
Be7 34. Ke5 Kf8 35. Ke4 g5 36. h3 Kg7 37. Ke5 Bf6+ 38. Ke4 Be7 39. Ke5 Kg6 40.
Rd7 Bf6+ 41. Ke4 a5 42. b5 Rb8 43. b6 Rxb6 44. Rxb6 Nxb6 45. Ra7 Bc3 46. Ra6
Nd5 47. f3 f5+ 48. Kd3 Kf6 49. Ra8 Ke5 50. Rh8 h4 51. Rg8 Kf4 52. Rg6 Bf6 53.
Ke2 Kg3 54. Rh6 Kxh3 55. Kf2 g4 0-1